Capbussa't en un mar de llibres!
Publicado:
[Barcelona] :
Diputació de Barcelona : Xarxa de Biblioteques Municipals : Tretzevents, s.a
Descripción Física:
Ventall de cartró de color
Otros Autores:
Serra, Sebastià, il
MARC
| LEADER | 00000nrm a2200000Ia 4500 | ||
|---|---|---|---|
| 001 | 24229 | ||
| 008 | 160829s9999 xx 000 0 cat d | ||
| 080 | |a NBM-9-15 | ||
| 245 | |a Capbussa't en un mar de llibres! |h [Ventall] | ||
| 260 | |a [Barcelona] : |b Diputació de Barcelona : |b Xarxa de Biblioteques Municipals : |b Tretzevents, s.a. | ||
| 300 | |a Ventall de cartró de color | ||
| 650 | 0 | |a Biblioteques públiques |x Barcelona (Catalunya : Província) |9 49209 | |
| 655 | 0 | |9 52933 |a Ventalls | |
| 700 | |a Serra, Sebastià, il. |9 49480 |e il·lustrador | ||
| 710 | 1 | |9 52650 |a Barcelona (Catalunya : Província). |b Xarxa de Biblioteques Municipals | |
| 901 | |a Arxiu | ||
| 942 | |n 1 |2 udc | ||
| 952 | |0 0 |1 0 |4 0 |6 NBM915 |7 1 |9 55388 |a Arxiu |b Arxiu |d 2016-12-01 |l 0 |o NBM-9-15 |p 24229 |r 2016-12-01 00:00:00 |w 2016-12-01 |y ARXIU | ||
| 999 | |c 59261 |d 59261 | ||